Sex, Violence, and Justice

Библиографические подробности
Главный автор: Kalbian
Формат: Электронный ресурс eКнига
Язык:English
Опубликовано: Georgetown University Press
Предметы:
Online-ссылка:Full text available on Project MUSE [7/4/14]
Off-campus access
LEADER 01045pam a2200253 a 4500
001 AALebookProjectMUSE024372
003 BD-DhAAL
006 m||||||||d||||||||
007 cr||||||||||||
008 221121s9999 xxuabf fo j 001 0 eng d
020 |a 162616049X 
020 |a 9781626160491 
040 |a BD-DhAAL  |c BD-DhAAL 
100 1 |a Kalbian 
245 0 0 |h [electronic resource]  |a Sex, Violence, and Justice 
260 |b Georgetown University Press 
300 |a 1 online resource 
500 |a <strong>Off-Campus Access:</strong> Athens ID and Password Required 
500 |a <strong>On-Campus Access:</strong> No User ID or Password Required 
506 |a Electronic access restricted to authorized BRAC University faculty, staff and students 
538 |a Mode of access: Internet 
655 7 |a Electronic books  |2 Library of Congress 
856 4 0 |z Full text available on Project MUSE [7/4/14]  |u https://muse.jhu.edu/book/30850 
856 4 0 |z Off-campus access  |u https://go.openathens.net/redirector/bracu.ac.bd?url=https%3A%2F%2Fmuse.jhu.edu%2Fbook%2F30850